00811pam a2200217 a 4500020001500000020001500015040000800030082002600038100003500064245007800099260004300177300003600220650001400256650001400270650002000284856006300304856005500367942000700422999001700429952014700446 a0333607309 a0312120559 cDLC00a620 ST. 1994 A040 Or.1 aLastres, Helena Maria Martins.14aThe advanced materials revolution and the Japanese system of innovation / aNew YorK :bSt. Martin's Press,c1994. axviii, 246 p. :bill. ;c22 cm. 0aMaterials 0aMaterials 0aHigh technology42uhttp://www.loc.gov/catdir/description/hol054/94016019.html41uhttp://www.loc.gov/catdir/toc/hol052/94016019.html cEK c11860d11860 0010406620_000000000000000_ST__1994_A040_OR70960682aLBAbLBAcA040d2017-08-08o620 ST. 1994 A040 Or.pA13500r2017-08-08w2017-08-08yEK